| Tag |
First Indicator |
Second Indicator |
Subfields |
| LEADER |
00000cam a2200000 4500 |
| 001 |
in00000194591 |
| 005 |
20151009051546.0 |
| 008 |
720228 1961 eng u |
| 035 |
|
|
|a (OCoLC)00250613
|
| 035 |
|
|
|9 AAV6416AM
|
| 040 |
|
|
|c KSU
|d TXA
|d UtOrBLW
|
| 041 |
1 |
|
|a eng
|a fre
|
| 049 |
|
|
|a TXAM
|c [368132]
|
| 090 |
|
|
|a N6920
|b .L273 1961
|
| 100 |
1 |
|
|a Labande-Mailfert, Yvonne.
|
| 245 |
1 |
0 |
|a Rome /
|c [by] Y. and E.-R. Labande; translated and adapted by George Millard.
|
| 264 |
|
1 |
|a London :
|b N. Kaye,
|c [1961]
|
| 264 |
|
4 |
|c [©1961]
|
| 300 |
|
|
|a 269 pages :
|b illustrations ;
|c 23 cm.
|
| 336 |
|
|
|a text
|b txt
|2 rdacontent
|
| 337 |
|
|
|a unmediated
|b n
|2 rdamedia
|
| 338 |
|
|
|a volume
|b nc
|2 rdacarrier
|
| 650 |
|
0 |
|a Art
|z Rome.
|
| 651 |
|
0 |
|a Rome
|x Description and travel.
|
| 700 |
1 |
|
|a Labande, Edmond René,
|d 1908-
|
| 999 |
|
|
|a MARS
|
| 999 |
f |
f |
|s 0f3e441a-a59b-31a8-a50c-f0aac4ea6efc
|i 51afba17-aeda-316c-9e21-bb2fb33834ed
|t 0
|
| 952 |
f |
f |
|p normal
|a Texas A&M University
|b College Station
|c Sterling C. Evans Library
|d Evans: Library Stacks
|t 0
|e N6920 .L273 1961
|h Library of Congress classification
|i unmediated -- volume
|m A14803395972
|
| 998 |
f |
f |
|a N6920 .L273 1961
|t 0
|l Evans: Library Stacks
|